000 01073nam a22002897a 4500
999 _c9866
_d9866
003 AR-CdUCM
008 190328b ||||| |||| 00| 0 spa d
020 _a978-607-618-381-6
040 _aMUNICIPALIDAD PROVINCIAL DEL CUSCO
_cBIBLIOTECA MUNICIPAL DEL CUSCO
041 _heng
082 _aEP /803.08
_bP26
100 _aGrahame, Kenneth
_926366
245 _aDe camino, extracto de el viento en los sauces :
_by otras historias disparatadas /
260 _aMéxico :
_bSilver Dolphin,
_c2015.
300 _a40 páginas ;
_bIlustraciones a color,
_c22 cm.
500 _aTítulo original: The open road
505 _aContenido: La roca de Ichcape -- El gato y el ratón -- El camino -- Por qué el oso tiene una cola pequeñita.
650 _aNarrativa
_967
650 _acuentos infantiles
_926201
700 _aBaldwin, James
_926367
700 _aJacobs, Joseph
_926223
700 _aWebbe Dasent, Sir George
_926284
700 _aParker, Vic (Compilador)
_926203
700 _aCaballero, Samantha (Traductora)
_926224
942 _2ddc
_cLIBROS
945 _araen